000 01047nmm a2200289 a 4500
003 AR-BaBNM
005 20251128211226.0
008 163020s1999 ||||||||||||||000 | spa||
020 _a987-923166-3-2
040 _cAR-BaBNM
245 1 0 _aValores para vivir
_bun programa educativo. Manual para educadores
_n1
250 _a3ª ed.
260 _aBarcelona
_bBrahma Kumaris World Spiritual University
_c1999
300 0 _a92 p.
_bil., tablas
500 0 _aContiene apéndices con información sobre la organización Brahma Kumaris y sobre UNICEF
500 _aEl presente material fue producido con el apoyo del comité español de UNICEF en homenaje al 50° aniversario de la creación de UNICEF
504 _aContiene referencias bibliográficas p. 87-88
650 4 _aVALORES
650 4 _aPROGRAMAS DE EDUCACION
650 4 _aACTIVIDADES DE APRENDIZAJE
653 0 _aEDUCACION EN VALORES
653 0 _aESTRATEGIAS DIDACTICAS
653 0 _aCONTENIDOS CURRICULARES
653 0 _aANTROPOSOFIA
942 _cBK
998 _craquel
999 _c18803
_d18803